00346 a2200133 450000100060000002000180000604000220002410000230004624000360006924500310010530000080013636200090014465000590015361140 a9783190115860 cAnchieta - Pituba aButzkamm, Wolfgang10aUnterrichtssprache deutschlpor10aUnterrichtssprache deutsch a1260 a2007 4aLínguas germânicas (teutônicas) língua alemã